书目信息 |
| 题名: |
现代国库制度研究
|
|
| 作者: | 翟钢 著 | |
| 分册: | ||
| 出版信息: | 北京 中国宇航出版社 2006.05 |
|
| 页数: | 280页 | |
| 开本: | 21cm | |
| 丛书名: | ||
| 单 册: | ||
| 中图分类: | F812.2 | |
| 科图分类: | ||
| 主题词: | 国库--guo ku--财政制度--经济体制改革--研究--中国 | |
| 电子资源: | ||
| ISBN: | 7-80218-066-X | |
| 000 | 00799nam0 2200229 450 | |
| 001 | 012006226265 | |
| 005 | 20061129152413.28 | |
| 010 | @a7-80218-066-X@dCNY39.00 | |
| 100 | @a20061110d2006 km y0chiy0120 ea | |
| 101 | 0 | @achi |
| 102 | @aCN@b110000 | |
| 105 | @aa a 000yy | |
| 200 | 1 | @a现代国库制度研究@Axian dai guo ku zhi du yan jiu@f翟钢著@Fzhai gang zhu |
| 210 | @a北京@c中国宇航出版社@d2006.05 | |
| 215 | @a280页@c图@d21cm | |
| 320 | @a有书目 (第274-278页) | |
| 330 | @a本书作者全面叙述了国内外国库制度的发展历史,指出了我国现代国库制度的不足,指出了改革方案和具体实施步骤,对我国财政制度的改革有参考价值。 | |
| 606 | 0 | @a国库@Aguo ku@x财政制度@x经济体制改革@x研究@y中国 |
| 690 | @aF812.2@v4 | |
| 701 | 0 | @a翟钢@Azhai gang@4著 |
| 801 | 0 | @aCN@c20061129 |
| 905 | @a10447@dF812.2@eZ046 | |
| 现代国库制度研究/翟钢著.-北京:中国宇航出版社,2006.05 |
| 280页:图;21cm |
| ISBN 7-80218-066-X:CNY39.00 |
| 本书作者全面叙述了国内外国库制度的发展历史,指出了我国现代国库制度的不足,指出了改革方案和具体实施步骤,对我国财政制度的改革有参考价值。 |
| ● |
| 相关链接 |
|
|
|
正题名:现代国库制度研究
索取号:F812.2/Z046
 
预约/预借
| 序号 | 登录号 | 条形码 | 馆藏地/架位号 | 状态 | 备注 |
| 1 | 226856 | 202268562 | 社科库409/422社科库 34排2列1层/ [索取号:F812.2/Z046] | 在馆 | |
| 2 | 226857 | 202268571 | 社科库409/409社科库 49排6列5层/ [索取号:F812.2/Z046] | 在馆 | |
| 3 | 226858 | 202268580 | 社科库409/409社科库 49排6列5层/ [索取号:F812.2/Z046] | 在馆 |